| 000 | 00000nam 2200000za 4500 |
| 001 | 9.602388 |
| 003 | CaOODSP |
| 005 | 20220328113247 |
| 007 | cr ||||||||||| |
| 008 | 150406|1999||||xxc|||||o f|0| 0 fre d |
| 040 | |aCaOODSP|bfre |
| 043 | |an-cn--- |
| 086 | 1 |aC21-25/8-1999F-PDF |
| 110 | 1 |aCanada. |bIndustrie Canada. |
| 245 | 10|aLes déterminants de la croissance de la productivité canadienne |h[ressource électronique] : |benjeux et perspectives / |cpar Richard G. Harris. |
| 260 | |aOttawa : |bIndustrie Canada, |cDécembre 1999. |
| 300 | |a57 p.|bfigure, graphiques |
| 490 | 1 |aDocument de discussion ; |vN° 8 |
| 500 | |aLe n° de catalogue (C21-25/8-1999) et l'ISBN (0-662-64567-7) de l'édition imprimée bilingue ont été incorrectement copiés dans l'édition électronique. |
| 504 | |aBibliographie. |
| 590 | |a11-25-Supp|b2011-10-31 |
| 691 | 07|aConditions économiques|2gcpds |
| 691 | 07|aNiveau de vie|2gcpds |
| 691 | 07|aProductivité|2gcpds |
| 720 | 1 |aHarris, Richard |
| 775 | 08|tDeterminants of Canadian productivity growth |w(CaOODSP)9.571968 |
| 776 | 0#|tDeterminants of Canadian productivity growth : |w(CaOODSP)9.532894 |
| 776 | 0#|tLes déterminants de la croissance de la productivité canadienne : |w(CaOODSP)9.532895 |
| 830 | #0|aDocument de discussion (Canada. Industrie Canada : En ligne)|vN° 8|w(CaOODSP)9.500838 |
| 856 | 40|ahttp://publications.gc.ca|qPDF|s458 Ko|uhttps://publications.gc.ca/collections/Collection/C21-25-8-1999F.pdf|yN° 8 |